Letters moral and entertaining : in prose and verse. By the author of Friendship in death. To which are added, ten letters by another hand. ...

Bibliographic Details
Main Author: Rowe, Elizabeth Singer, 1674-1737
Format: eBook
Language:English
Edition:The second edition.
Series:Eighteenth century collections online.
Online Access:Full text online

MARC

Tag First Indicator Second Indicator Subfields
LEADER 00000cam a2200000 4500
001 in00001908237
006 m | d |
007 cr |n||||||||n
008 810811m17331734enk|||| s 00||||eng d
005 20260406214042.0
035 |a (CStRLIN)ESTCT127562 
040 |a Uk-ES  |c Uk-ES  |d CStRLIN  |d Thomson Gale  |d UtOrBLW 
100 1 |a Rowe, Elizabeth Singer,  |d 1674-1737. 
245 1 0 |a Letters moral and entertaining :  |b in prose and verse. By the author of Friendship in death. To which are added, ten letters by another hand. ... 
250 |a The second edition. 
264 3 |a London :  |b printed for T. Worrall,  |c 1733-34. 
300 |a 3 volumes ;  |c 8⁰. 
336 |a text  |b txt  |2 rdacontent 
337 |a computer  |b c  |2 rdamedia 
338 |a online resource  |b cr  |2 rdacarrier 
500 |a The author of Friendship in death = Elizabeth Rowe. 
500 |a In: 'Friendship in death: .. To which are added, letters moral and entertaining', London, 1733. 
500 |a Parts 2 and 3 are dated 1734. 
500 |a Reproduction of original from the British Library. 
510 4 |a English Short Title Catalog,  |c ESTCT127562. 
533 |a Electronic reproduction.  |b Farmington Hills, Mich. :  |c Thomson Gale,  |d 2003.  |n Available via the World Wide Web.  |n Access limited by licensing agreements  |7 s2003 miunns 
500 |a Electronic resource. 
830 0 |a Eighteenth century collections online. 
856 4 0 |u http://proxy.library.tamu.edu/login?url=https://galenet.galegroup.com/servlet/ECCO?c=1&stp=Author&ste=11&af=BN&ae=T127562&tiPG=1&dd=0&dc=flc&docNum=CW110865726&vrsn=1.0&srchtp=a&d4=0.33&n=10&SU=0LRK&locID=txshracd2898  |z Full text online  |t 0 
999 |a MARS 
999 f f |s fb4a83cc-e61b-3cde-91a5-39887d78ef25  |i 0c530242-b313-35cd-b80a-a15c8d63d24b  |t 0 
952 f f |a Texas A&M University  |b College Station  |c Electronic Resources  |s www_evans  |d Available Online  |t 0  |h No information provided 
998 f f |t 0  |l Available Online